LEADER 00598nam a2200169 i 4500 001 000000205100 003 CaOOAMICUS 005 20110816000000.0 008 110816s1870 it u000 u ita u 013 $a183836 040 $aSeMil$bita 245 10$aVol. 2. 300 $a442 p. 773 0 $aSettembrini, Luigi <1813-1876>$tLezioni di letteratura italiana.$dNapoli : Stab. Tip. Ghio : [dal vol. 2] ... Antonio Morano, 1866-1872.$g2$w()4063 850 $aSeMil 852 $aSeMil$W1$xVenegono$y1$m1N V 18 FA$j155594$B155594$CSeMilBibl$Z2$F166902 $8I 996 $6245$aVol. 2$9(OLS)http://semarc/title/13458 LEADER 01214nam a2200277 i 4500 001 000000114362 003 CaOOAMICUS 005 20030512000000.0 008 030512s1964 it u000 u ita u 013 $a87048 040 $aSeMil$bita 100 1 $aFoppa, Vincenzo <1427 ca.-1515 ca.>.$0(OLS)http://semarc/name/47822 245 10$aVincenzo Foppa /$c[Stella Matalon]. 246 04$iTitolo in copertina:$aFoppa 260 $aMilano :$bFabbri,$ccopyr. 1964. 300 $a[6] p., 16. p. di tav. :$bill. ;$c36 cm. 490 0 $aI maestri del colore : la pił grande collana d'arte del mondo ;$v58 500 $aFormulazione di responsabilitą ricavata dal testo. 650 4$aFoppa, Vincenzo.$0(OLS)http://semarc/subject/20824 700 1 $aMatalon, Stella.$0(OLS)http://semarc/name/16679 830 2$aI maestri del colore : la pił grande collana d'arte del mondo ;$v58.$0(OLS)http://semarc/title/2091 850 $aSeMil 852 $aSeMil$W1$xVenegono$y1$m5G XII 6/58$j69941$B69941$CSeMilBibl$Z2$F75037 $81 996 $6245$aVincenzo Foppa$9(OLS)http://semarc/title/167143 996 $6246$aFoppa$9(OLS)http://semarc/title/167144 996 $6260$aMilano :$bFabbri$9(OLS)http://semarc/publisher/30054